LIBRARY & INFORMATION CENTRE, KCAET, TAVANUR

ONLINE PUBLIC ACCESS CATALOGUE (OPAC)

Economic appraisal of irrigation projects in India / (Record no. 2372)

MARC details
000 -LEADER
fixed length control field 00475cam a2200181ua 4500
003 - CONTROL NUMBER IDENTIFIER
control field OSt
008 - FIXED-LENGTH DATA ELEMENTS--GENERAL INFORMATION
fixed length control field 250814b |||||||| |||| 00| 0 eng d
020 ## - INTERNATIONAL STANDARD BOOK NUMBER
ISBN 81 85005 222
041 ## - LANGUAGE CODE
Language code of text/sound track or separate title eng
082 ## - DEWEY DECIMAL CLASSIFICATION NUMBER
Classification number 627.52
Item number BAS/EC
100 ## - MAIN ENTRY--AUTHOR NAME
Personal name Basawan, Sinha .
245 ## - TITLE STATEMENT
Title Economic appraisal of irrigation projects in India /
250 ## - EDITION STATEMENT
Edition statement 1 /
260 ## - PUBLICATION, DISTRIBUTION, ETC. (IMPRINT)
Place of publication :
Name of publisher Agricole Publishing Academy ,
Year of publication 1989.
300 ## - PHYSICAL DESCRIPTION
Number of Pages 487 ; .
700 1# - ADDED ENTRY--PERSONAL NAME
Personal name Ramesh, Bhatia .
942 ## - ADDED ENTRY ELEMENTS (KOHA)
Koha item type Books
Holdings
Withdrawn status Lost status Damaged status Home library Current library Date acquired Full call number Accession Number Koha item type
      KAUAET KAUAET 07/04/2012 627.52 BAS/EC 17801 Books
free website counter